Library Logo

Pioneer International University Library Catalogue

THE MOST EVIL DICTATORS IN HISTORY (Record no. 9836)

MARC details
000 -LEADER
fixed length control field 00434nam a22001577a 4500
003 - CONTROL NUMBER IDENTIFIER
control field OSt
005 - DATE AND TIME OF LATEST TRANSACTION
control field 20251119123049.0
008 - FIXED-LENGTH DATA ELEMENTS--GENERAL INFORMATION
fixed length control field 251119b |||||||| |||| 00| 0 eng d
020 ## - INTERNATIONAL STANDARD BOOK NUMBER
International Standard Book Number 0760750394
040 ## - CATALOGING SOURCE
Transcribing agency BARNES &NOBLE ,INC
050 ## - LIBRARY OF CONGRESS CALL NUMBER
Classification number JQ 320 .K54 2004
Item number .K54 2004
245 ## - TITLE STATEMENT
Title THE MOST EVIL DICTATORS IN HISTORY
Statement of responsibility, etc. KLEIN, SHELLEY
250 ## - EDITION STATEMENT
Edition statement 2ND EDITION
260 ## - PUBLICATION, DISTRIBUTION, ETC.
Place of publication, distribution, etc. SINGAPORE:
Name of publisher, distributor, etc. BARNES & NOBLE ,INC,
Date of publication, distribution, etc. 2004
942 ## - ADDED ENTRY ELEMENTS (KOHA)
Source of classification or shelving scheme Library of Congress Classification
Koha item type Books
Suppress in OPAC No
Holdings
Withdrawn status Lost status Source of classification or shelving scheme Damaged status Not for loan Home library Current library Date acquired Total checkouts Barcode Date last seen Price effective from Koha item type
    Library of Congress Classification     PIU Library PIU Library 11/19/2025   PIUDL828 11/19/2025 11/19/2025 Books